00285 a2200121 450000100060000004000240000610000250003024000330005524500280008830000070011636200090012365000310013247954 cAnchieta - Aquarius aMachado, José Leon10aA bruxa e o caldeirãolpor10aA bruxa e o caldeirão a100 a2003 4aLiteratura infanto-juvenil